Normal view
MARC view
Entry Personal Name
001 - CONTROL NUMBER
- control field: 38521
003 - CONTROL NUMBER IDENTIFIER
- control field: ARRUPE
005 - DATE AND TIME OF LATEST TRANSACTION
- control field: 20180117093645.0
008 - FIXED-LENGTH DATA ELEMENTS
- fixed length control field: 180117|| aca||aabn | a|a d
040 ## - CATALOGING SOURCE
- Original cataloging agency: ARRUPE
- Transcribing agency: ARRUPE
100 ## - HEADING--PERSONAL NAME
- Personal name: De Matos, Luis
670 ## - SOURCE DATA FOUND
- Source citation: Work cat.: (ARRUPE)0: De Matos, Luis, Problemas do espaço português :, 1972.